000 01032nam a22003497a 4500
001 BR2023000535
003 BR-BrBNA
005 20230601154612.0
008 230517b bl.||||| |||| 00| 0 por d
020 _a978-85-7333-457-9
040 _aBR-BrBNA
_bpor
041 _apor
072 _aE14 ; B50 ; C10
_b1540 ; 9310
090 _a1540 BR2023000535
100 _aDuarte, Renata Barbosa de Araújo (ed.)
110 _aServiço Brasileiro de Apoio às Micro e Pequenas Empresas, Brasília, DF (Brazil)
245 _aHistórias de sucesso - agronegócios: mandiocultura
260 _aBrasília, DF (Brazil) :
_bSEBRAE/DF,
_c2007
300 _a80 p.
_bil.
500 _aIncludes several bibliographies; 10 illus.; 2 tables
650 _aMANDIOCA
650 _aFARINHA
650 _aHISTÓRIA
650 _aGESTÃO
650 _aASSOCIATIVISMO
650 _aCOOPERATIVISMO
650 _aTECNOLOGIA
650 _aDESENVOLVIMENTO SUSTENTÁVEL
650 _aMÉTODO
909 _a202305
_bFernando
942 _cBK
999 _c9140
_d9140